| 000 | 004190000a22001210004500 | ||
|---|---|---|---|
| 090 |
_aAs _bSeriadas |
||
| 245 | 1 | 0 | _aCapture of and some notes on Atelocynus microtis (Sclater, 1883) (Carnivora: Canidae) in the colombian Amazon |
| 041 | 0 | _aInglés | |
| 700 | 1 |
_aSantacruz, Alejandro _9100340 |
|
| 100 | 1 |
_aDefler, Thomas R. _96444 |
|
| 942 | _cARTICULO | ||
| 773 | 1 |
_tTrianea _kActa Científica y Tecnológica _h5 _q417-419 _d1994 |
|
| 999 |
_c16147 _d16147 |
||